00421cam a22001692 4500001001100000005001700011008004100028020001700069040001500086100003800101245004200139250001300181260003500194300001600229852000300245852000300248000001864620151217145906.0100224s xx 000 0 eng d a9966466525 : aKABUcKABU1 aOkoiti, Okiya Omtata.@000017796810aLwanda Magere /cOkiya Omtata Okoiti. a1st ed. aNairobi :bE. A. E. P.,c1991. avi, 112 p.1 1